Mühlen, Hämmer, Sägen

Titel: Mühlen, Hämmer, Sägen : Oberes Mühlviertel, Böhmerwald, Bayrischer Wald
Verfasser:
Veröffentlicht: Haslach : Landesverlag Druckservice Linz, 1999
Umfang: 320 S. : Abb., Kt.
Format: Buch
Sprache: Deutsch
Kein Bild verfügbar
X
alg: 39533681
001A    $01999:12-11-16 
001B    $01999:30-09-22 $t18:37:19.000 
001D    $01999:12-11-16 
001U    $0utf8 
001X    $00 
002@    $0Aax 
003@    $0395336813 
007A    $0395336813 $aHEB 
007T    $0Herd47450 
010@    $ager 
011@    $a1999 
021A    $aMühlen, Hämmer, Sägen $dOberes Mühlviertel, Böhmerwald, Bayrischer Wald 
028A    $D20220215 $Ecgwrk $7123521823 $8Bertlwieser, Fritz$Z1952- [Tp1] $9154415421 
033A    $pHaslach $nLandesverlag Druckservice Linz 
034D    $a320 S. 
034M    $aAbb., Kt. 
045F    $a330.094371 $eDDC23BSB 
045F/01 $a330.09 
045F/03 $g4371 

lok: 39533681 78

exp: 39533681 78 1 #EPN
201B/01 $026-11-17 $t04:31:17.000 
201U/01 $0utf8 
203@/01 $0791689077 
208@/01 $a12-11-16 $be 
209A/01 $a/ $f000 $x00 
220C/01 $aTitelaufnehmer: rb;ek 
244Z/01 $#Tschechien $#Tschechische Republik $#Tschechische Republik $#Tschechenland $#Tschechei Tschechien $#Česká Republika $#Czech Republic $#ČR $74303381-7 $8--Tg1--Tschechien $x01 $9086659812 
244Z/01 $2Trx $#Böhmen $#Bohemia $#Czechy $8--Trx--Čechy $x02 $9391188941 
244Z/01 $2Trx $#Böhmerwald $8--Trx--Šumava $x03 $9391319477 
244Z/01 $2Trx $#veskid $#malūnai $#mills $#malmok $#młyny i wiatraki $#mlyny $#mlýny $#wiatraki $8--Trx--Mühlen $x04 $939136197X 
244Z/01 $2Trx $#puidutööstus $#medienos pramonė $#timber industry $#faipar $#przemysł drzewny $#priemysel drevársky $#průmysl dřevařský $8--Trx--Holzindustrie $x05 $9391381989 
244Z/01 $2Trx $#metallurgia $#metalurgija $#metallurgy $#fémkohászat $#metalurgia $#metalurgia $#metalurgie $8--Trx--Metallurgie $x06 $9391371223 
244Z/01 $2Trx $8--Trx--Monographie $x07 $9391384546 
245Z/01 $a09.04 $x01 
247C/01 $82080>Marburg/Lahn, Herder-Institut, Forschungsbibliothek, Bibliographieportal $9336309341
LEADER 00000cam a22000002c 4500
001 395336813
003 DE-603
005 20220930183719.0
007 tu
008 161112s1999 xx |||| | u00||u|ger c
035 |a (DE-599)HEB395336813 
040 |a DE-603  |b ger  |c DE-603  |d DE-603 
041 |a ger 
082 0 4 |8 1\u  |a 330.094371  |q DE-101  |2 23/BSB 
085 |8 1\u  |b 330.09 
085 |8 1\u  |z 2  |s 4371 
100 1 |a Bertlwieser, Fritz  |d 1952-  |0 (DE-603)154415421  |0 (DE-588)123521823  |2 gnd 
245 0 0 |a Mühlen, Hämmer, Sägen  |b Oberes Mühlviertel, Böhmerwald, Bayrischer Wald 
264 1 |a Haslach  |b Landesverlag Druckservice Linz  |c 1999 
300 |a 320 S.  |b Abb., Kt. 
924 0 |9 2080  |a (DE-603)791689077  |b DE-2080  |c HES  |d d  |g /